[Event "CRO-ch"]
[Site "Bjelovar"]
[Date "2019.04.08"]
[Round "8"]
[White "Saric, Ante"]
[Black "Jovanic, Ognjen"]
[Result "1/2-1/2"]
[WhiteElo "2530"]
[BlackElo "2515"]
[PlyCount "45"]
[EventDate "2019.04.01"]
[EventType "tourn"]
[EventRounds "11"]
[EventCountry "CRO"]
[EventCategory "13"]
[SourceTitle "CBM 189 Extra"]
[Source "ChessBase"]
[SourceDate "2019.06.03"]
[SourceVersion "1"]
[SourceVersionDate "2019.06.03"]
[SourceQuality "1"]

1. d4 Nf6 2. c4 e6 3. Nc3 d5 4. cxd5 Nxd5 5. Nf3 c5 6. g3 cxd4 7. Nxd5 Qxd5 8. Qxd4 Qb5 9. e4 Qb4+ 10. Bd2 Nc6 11. Qxb4 Bxb4 12. Bb5 Bd7 13. Bxc6 Bxd2+ 14. Kxd2 Bxc6 15. Ke3 Ke7 16. Rhc1 Rac8 17. Nd4 Bd7 18. f4 f6 19. e5 a5 20. a3 b6 21. b4 axb4 22. axb4 Rxc1 23. Rxc1 1/2-1/2

[Event "CRO-ch"]
[Site "Bjelovar"]
[Date "2019.04.07"]
[Round "7"]
[White "Jovanic, Ognjen"]
[Black "Brkic, Ante"]
[Result "1/2-1/2"]
[WhiteElo "2515"]
[BlackElo "2560"]
[PlyCount "42"]
[EventDate "2019.04.01"]
[EventType "tourn"]
[EventRounds "11"]
[EventCountry "CRO"]
[EventCategory "13"]
[SourceTitle "CBM 189 Extra"]
[Source "ChessBase"]
[SourceDate "2019.06.03"]
[SourceVersion "1"]
[SourceVersionDate "2019.06.03"]
[SourceQuality "1"]

1. d4 Nf6 2. c4 c5 3. d5 b5 4. cxb5 a6 5. bxa6 g6 6. Nc3 Bg7 7. e4 0-0 8. Nf3 Qa5 9. Bd2 Bxa6 10. Bxa6 Qxa6 11. Qe2 e6 12. Qxa6 Nxa6 13. dxe6 fxe6 14. 0-0 Nb4 15. a4 Nd3 16. b3 d5 17. exd5 Nxd5 18. Rad1 Nb2 19. Rc1 Nd3 20. Rcd1 Nb2 21. Rc1 Nd3 1/2-1/2

[Event "CRO-ch"]
[Site "Bjelovar"]
[Date "2019.04.03"]
[Round "3"]
[White "Jovanic, Ognjen"]
[Black "Stevic, Hrvoje"]
[Result "1/2-1/2"]
[WhiteElo "2515"]
[BlackElo "2586"]
[PlyCount "40"]
[EventDate "2019.04.01"]
[EventType "tourn"]
[EventRounds "11"]
[EventCountry "CRO"]
[EventCategory "13"]
[SourceTitle "CBM 189 Extra"]
[Source "ChessBase"]
[SourceDate "2019.06.03"]
[SourceVersion "1"]
[SourceVersionDate "2019.06.03"]
[SourceQuality "1"]

1. d4 Nf6 2. Nf3 g6 3. c4 Bg7 4. Nc3 0-0 5. e4 d6 6. Be2 e5 7. 0-0 Na6 8. Re1 c6 9. Be3 Re8 10. d5 Ng4 11. Bg5 Qb6 12. Rf1 Qxb2 13. Na4 Qb4 14. Bd2 Qa3 15. Bc1 Qb4 16. Bd2 Qa3 17. h3 Nf6 18. Bc1 Qb4 19. Bd2 Qa3 20. Bc1 Qb4 1/2-1/2

[Event "CRO-ch"]
[Site "Bjelovar"]
[Date "2019.04.02"]
[Round "2"]
[White "Bosiocic, Marin"]
[Black "Jovanic, Ognjen"]
[Result "1/2-1/2"]
[WhiteElo "2613"]
[BlackElo "2515"]
[PlyCount "121"]
[EventDate "2019.04.01"]
[EventType "tourn"]
[EventRounds "11"]
[EventCountry "CRO"]
[EventCategory "13"]
[SourceTitle "CBM 189 Extra"]
[Source "ChessBase"]
[SourceDate "2019.06.03"]
[SourceVersion "1"]
[SourceVersionDate "2019.06.03"]
[SourceQuality "1"]

1. e4 e5 2. Nf3 Nf6 3. d4 Nxe4 4. Bd3 d5 5. Nxe5 Nd7 6. Nxd7 Bxd7 7. 0-0 Be7 8. c4 Nf6 9. cxd5 Nxd5 10. Re1 c6 11. Nc3 Nxc3 12. bxc3 0-0 13. Rb1 b6 14. Qh5 g6 15. Qf3 Bg5 16. Bxg5 Qxg5 17. Re5 Qg4 18. Qf6 Rae8 19. Be2 Qxe2 20. Rxe2 Rxe2 21. h4 h5 22. a4 Rfe8 23. Qd6 Bf5 24. Ra1 Rc8 25. a5 Re6 26. Qb4 Rb8 27. c4 Ree8 28. axb6 axb6 29. Ra6 c5 30. dxc5 bxc5 31. Qxc5 Re1+ 32. Kh2 Re4 33. f3 Rxh4+ 34. Kg3 Rc8 35. Ra8 Rh3+ 36. gxh3 Rxa8 37. Qd5 Re8 38. c5 Kg7 39. c6 f6 40. c7 Bc8 41. h4 Bf5 42. Kf2 Bc8 43. Qa8 Kf7 44. Qa7 Kf8 45. Qa4 Kf7 46. Qc4+ Kg7 47. Qc1 Bf5 48. Qc6 Kf7 49. f4 Bc8 50. Qc2 Bf5 51. Qa2+ Kg7 52. Qa7 Kf8 53. Qb7 Bc8 54. Qb2 Kf7 55. Qc1 Kg7 56. Qd2 Bf5 57. Kg1 Kf7 58. Kf1 Bh3+ 59. Kf2 Bf5 60. Qd5+ Kg7 61. Qc6 1/2-1/2

[Event "CRO-chT1A 27th"]
[Site "Biograd"]
[Date "2018.09.15"]
[Round "8.35"]
[White "Jovanic, Ognjen"]
[Black "Medak, Bojan"]
[Result "1-0"]
[WhiteElo "2512"]
[BlackElo "2367"]
[PlyCount "79"]
[EventDate "2018.09.08"]
[EventType "team-tourn"]
[EventRounds "9"]
[EventCountry "CRO"]
[SourceTitle "CBM 186 Extra"]
[Source "ChessBase"]
[SourceDate "2018.08.24"]
[SourceVersion "1"]
[SourceVersionDate "2018.08.24"]
[SourceQuality "1"]
[WhiteTeam "Rijeka Liburnija"]
[BlackTeam "Dakovo"]
[WhiteTeamCountry "CRO"]
[BlackTeamCountry "CRO"]

1. d4 d6 2. Nf3 g6 3. c4 Bg7 4. Nc3 Nc6 5. d5 Ne5 6. Nxe5 Bxe5 7. e4 Bg7 8. Be2 e5 9. 0-0 Nf6 10. Be3 Qe7 11. b4 h5 12. Bg5 Bh6 13. Bxh6 Rxh6 14. Qd2 Rh8 15. Rac1 Kf8 16. c5 Kg7 17. Rc2 Bd7 18. cxd6 cxd6 19. Rfc1 Rhc8 20. f3 Qd8 21. Qe3 Qb6 22. Qxb6 axb6 23. Kf2 Kf8 24. Nb1 Rxc2 25. Rxc2 h4 26. Nd2 Ke7 27. Nc4 Ra6 28. Ne3 Ra4 29. Rb2 Nh5 30. Nc4 b5 31. Nb6 Ra3 32. Nxd7 Kxd7 33. Bxb5+ Kc7 34. g3 hxg3+ 35. hxg3 g5 36. Bc4 Rc3 37. Bb3 Kb6 38. Bd1 g4 39. a4 Nf6 40. Rb3 1-0

[Event "CRO-chT1A 27th"]
[Site "Biograd"]
[Date "2018.09.10"]
[Round "3.16"]
[White "Muse, Mladen"]
[Black "Jovanic, Ognjen"]
[Result "0-1"]
[WhiteElo "2400"]
[BlackElo "2512"]
[PlyCount "92"]
[EventDate "2018.09.08"]
[EventType "team-tourn"]
[EventRounds "9"]
[EventCountry "CRO"]
[SourceTitle "CBM 186 Extra"]
[Source "ChessBase"]
[SourceDate "2018.08.24"]
[SourceVersion "1"]
[SourceVersionDate "2018.08.24"]
[SourceQuality "1"]
[WhiteTeam "Solin Cemex"]
[BlackTeam "Rijeka Liburnija"]
[WhiteTeamCountry "CRO"]
[BlackTeamCountry "CRO"]

1. Nf3 d5 2. g3 c6 3. Bg2 Bf5 4. 0-0 e6 5. b3 Nf6 6. Bb2 Be7 7. d3 h6 8. Nbd2 0-0 9. c4 Bh7 10. Rc1 a5 11. a3 Nbd7 12. Rc2 Bd6 13. Qa1 Qe7 14. cxd5 exd5 15. Re1 Rfe8 16. Rcc1 Qf8 17. Nd4 Rad8 18. N2f3 Ng4 19. h3 Ngf6 20. Nh4 Rc8 21. Ndf5 Be5 22. Bxe5 Nxe5 23. Nd4 Qd6 24. Nhf3 Nxf3+ 25. Nxf3 c5 26. d4 b6 27. dxc5 bxc5 28. e3 a4 29. bxa4 Qa6 30. Nd2 Qxa4 31. Qc3 Red8 32. g4 Bg6 33. Qb3 Qa7 34. a4 Qa5 35. Qa2 c4 36. Red1 Bd3 37. Bf1 Bxf1 38. Kxf1 Ra8 39. Kg1 Rdb8 40. e4 c3 41. Nb3 Qxa4 42. Qxa4 Rxa4 43. Nd4 Nxe4 44. Ne2 Rc4 45. f3 Ng5 46. Rxc3 Nxh3+ 0-1

[Event "CRO Cup"]
[Site "Mali Losinj"]
[Date "2018.05.20"]
[Round "6.24"]
[White "Doric, Darko"]
[Black "Jovanic, Ognjen"]
[Result "1/2-1/2"]
[WhiteElo "2463"]
[BlackElo "2513"]
[PlyCount "239"]
[EventDate "2018.05.16"]
[EventType "team-swiss"]
[EventRounds "6"]
[EventCountry "CRO"]
[SourceTitle "CBM 184 Extra"]
[Source "ChessBase"]
[SourceDate "2018.06.28"]
[SourceVersion "1"]
[SourceVersionDate "2018.06.28"]
[SourceQuality "1"]
[WhiteTeam "Split Brda"]
[BlackTeam "Rijeka Liburnija"]
[WhiteTeamCountry "CRO"]
[BlackTeamCountry "CRO"]

1. d4 d5 2. Nf3 Nf6 3. Bf4 e6 4. e3 c5 5. c3 Nc6 6. Nbd2 Be7 7. Bd3 Nh5 8. Be5 Nxe5 9. Nxe5 Nf6 10. 0-0 Nd7 11. f4 g6 12. Ndf3 0-0 13. g4 f6 14. Nxd7 Bxd7 15. Qc2 Kg7 16. Qg2 Rc8 17. h4 Bd6 18. g5 f5 19. h5 cxd4 20. cxd4 Qa5 21. a3 Qb6 22. Qe2 a6 23. Kf2 gxh5 24. Rh1 Be8 25. Rab1 Bg6 26. Nd2 Rh8 27. Rh4 Rcg8 28. Rg1 Kf7 29. Nf3 Ke7 30. Rhh1 Kd7 31. Qd2 Be8 32. Be2 Bf7 33. Ne1 h6 34. Bxh5 Bxh5 35. Rxh5 hxg5 36. Rgxg5 Qd8 37. Rxh8 Rxh8 38. Rg7+ Kc8 39. Nf3 Kb8 40. Qd1 Qb6 41. b4 Qc6 42. Rg6 Be7 43. Qe2 Qe8 44. Rg7 Bf6 45. Rg2 Bh4+ 46. Kg1 Be7 47. Ne5 Bd6 48. Nd3 Qa4 49. Nc5 Bxc5 50. bxc5 Qxa3 51. Kf2 Qc1 52. Qe1 Qc2+ 53. Qe2 Qe4 54. Qb2 Qd3 55. Qe2 Qc3 56. Qe1 Qb3 57. Qc1 Qb5 58. Kg1 Qe8 59. Kf2 Rg8 60. Rg5 Rh8 61. Qg1 Ka7 62. Qb1 Qc6 63. Rg7 Rc8 64. Qb4 Qb5 65. Qxb5 axb5 66. Ke2 Ka6 67. Kd3 b6 68. Re7 Rc6 69. Re8 b4 70. Ra8+ Kb7 71. Ra4 bxc5 72. dxc5 Rxc5 73. Rxb4+ Kc6 74. Rb8 Kd6 75. Re8 Rc4 76. Ra8 Re4 77. Ra6+ Ke7 78. Ra7+ Kf6 79. Ra6 Kf7 80. Ra7+ Kg6 81. Rd7 Kf6 82. Ke2 Kg6 83. Kf3 Kf6 84. Ke2 Ra4 85. Kf3 Ra2 86. Kg3 Rb2 87. Kf3 Rb1 88. Kf2 Rb8 89. Kf3 Rf8 90. Ra7 Rd8 91. Ra4 Rd7 92. Rb4 Ra7 93. Rb6 Ke7 94. Ke2 Kd7 95. Kf3 Rc7 96. Ra6 Rc6 97. Ra4 Kd6 98. Ra5 Rb6 99. Ra8 Kc5 100. Ke2 Rb2+ 101. Kf3 Rb6 102. Ke2 Rc6 103. Kd3 Kd6 104. Ra7 Rb6 105. Ke2 Rb4 106. Ra6+ Kd7 107. Ra7+ Kc6 108. Ra6+ Rb6 109. Ra5 Kd6 110. Ra8 Rb3 111. Ra6+ Ke7 112. Ra7+ Kf6 113. Rd7 Rb4 114. Kf3 Kg6 115. Re7 Re4 116. Rd7 Kf6 117. Ke2 e5 118. Rd6+ Ke7 119. Rxd5 exf4 120. Rxf5 1/2-1/2